000 00394nam a2200133 i 4500
001 bg
245 0 _aDozymetria, radiometria :
_bzbiór wykładów seminarium na temat: zastosowanie wyrobów techniki jądrowej, Warszawa 13-14 maja 1974.
260 _aWarszawa,
_c1974.
040 _cBPK
041 _apol
080 _a539.1(061.3)
942 _cKS
008 s pl f |000 0 pol
999 _c26593
_d26593
856 _uhttp://koha.tu.koszalin.pl/cgi-bin/koha/opac-detail.pl?biblionumber=26593
_yKatalog online BPK